[Event "Senta op-A 16th"]
[Site "Senta"]
[Date "2012.07.21"]
[Round "9"]
[White "Dinic, Nenad"]
[Black "Savic, Dragan"]
[Result "1/2-1/2"]
[WhiteElo "2024"]
[BlackElo "2174"]
[PlyCount "117"]
[EventDate "2012.07.14"]
[EventType "swiss"]
[EventRounds "9"]
[EventCountry "SRB"]
[SourceTitle "CBM 149 Extra"]
[Source "ChessBase"]
[SourceDate "2012.08.24"]
[SourceVersion "1"]
[SourceVersionDate "2012.08.24"]
[SourceQuality "1"]

1. e4 e6 2. d4 d5 3. e5 c5 4. c3 Nc6 5. Nf3 Qa5 6. dxc5 Qxc5 7. Be3 Qa5 8. Nbd2 Nge7 9. Bd3 Qc7 10. Bf4 Ng6 11. Bxg6 hxg6 12. 0-0 b6 13. Re1 Be7 14. Nb3 Ba6 15. a3 Rc8 16. Rc1 Qd8 17. Nbd4 Na5 18. b4 Nc6 19. Nxc6 Rxc6 20. Nd4 Bb7 21. Nxc6 Bxc6 22. Qd2 Bb5 23. Ra1 Rh5 24. Qe3 Qd7 25. Rad1 Qc6 26. Rd4 Bc4 27. g4 Rh8 28. Kg2 Qa4 29. Qc1 Bd8 30. g5 b5 31. Rd2 Qa6 32. Re3 Qc6 33. Rd4 Bb6 34. Rh3 Rxh3 35. Kxh3 Bxd4 36. cxd4 Qa6 37. Kg3 Qa4 38. Be3 Qb3 39. h3 Qd3 40. f3 Kd7 41. h4 Qf5 42. Qe1 Qc2 43. Qd2 Qb1 44. Qc1 Qb3 45. Kf2 Qd3 46. Kg3 Qe2 47. Qd2 Qf1 48. Qc1 Qd3 49. Kf2 Qf5 50. Qh1 Qc2+ 51. Kg3 Be2 52. Qc1 Qf5 53. Bf4 Qd3 54. Be3 Bd1 55. Qc5 Qxa3 56. Qxb5+ Kc7 57. Qc5+ Kb8 58. Qb5+ Kc8 59. Qc6+ 1/2-1/2

[Event "Senta op-A 16th"]
[Site "Senta"]
[Date "2012.07.19"]
[Round "7"]
[White "Bejatovic, Bojana"]
[Black "Savic, Dragan"]
[Result "1-0"]
[WhiteElo "1941"]
[BlackElo "2174"]
[PlyCount "73"]
[EventDate "2012.07.14"]
[EventType "swiss"]
[EventRounds "9"]
[EventCountry "SRB"]
[SourceTitle "CBM 149 Extra"]
[Source "ChessBase"]
[SourceDate "2012.08.24"]
[SourceVersion "1"]
[SourceVersionDate "2012.08.24"]
[SourceQuality "1"]

1. Nf3 e6 2. d4 d5 3. e3 Nf6 4. Bd3 Bd6 5. 0-0 Nbd7 6. c4 c6 7. Nc3 0-0 8. b3 Re8 9. e4 Bb4 10. e5 Bxc3 11. exf6 Nxf6 12. Rb1 dxc4 13. bxc4 h6 14. h3 b6 15. Rb3 Ba5 16. Ne5 Bb7 17. Bb1 Rc8 18. Rg3 Kf8 19. Ba3+ c5 20. dxc5 bxc5 21. Qb3 Qc7 22. Qe3 Red8 23. Bc1 Qd6 24. Rxg7 Ke8 25. Rxf7 Qxe5 26. Rf8+ Ke7 27. Qxe5 Rxf8 28. Bxh6 Rg8 29. Bg5 Rgf8 30. Rd1 Rc6 31. Be4 Bc7 32. Bxf6+ Rxf6 33. Qg5 Rb6 34. Bxb7 Rxb7 35. Qxc5+ Kf7 36. Rd7+ Kg6 37. Rxc7 1-0

[Event "Senta op-A 16th"]
[Site "Senta"]
[Date "2012.07.15"]
[Round "3"]
[White "Zarkovic, Mila"]
[Black "Savic, Dragan"]
[Result "1-0"]
[WhiteElo "1996"]
[BlackElo "2174"]
[PlyCount "99"]
[EventDate "2012.07.14"]
[EventType "swiss"]
[EventRounds "9"]
[EventCountry "SRB"]
[SourceTitle "CBM 149 Extra"]
[Source "ChessBase"]
[SourceDate "2012.08.24"]
[SourceVersion "1"]
[SourceVersionDate "2012.08.24"]
[SourceQuality "1"]

1. e4 e6 2. d4 d5 3. Nc3 Bb4 4. e5 c5 5. Bd2 Ne7 6. Nb5 Bxd2+ 7. Qxd2 0-0 8. dxc5 Nbc6 9. f4 b6 10. cxb6 Qxb6 11. c3 Rb8 12. 0-0-0 Ba6 13. a4 Qa5 14. Qc2 Nf5 15. Re1 d4 16. Bd3 dxc3 17. bxc3 Nb4 18. cxb4 Qxb4 19. Re4 Qe7 20. Kd2 Rfd8 21. Nf3 Bxb5 22. axb5 Rxb5 23. Rb1 Qb7 24. Ke2 Rb6 25. Rxb6 Qxb6 26. Qb1 Qc5 27. Qb4 Qc1 28. g4 Nh6 29. Rd4 Rc8 30. Qb1 Qxb1 31. Bxb1 Nxg4 32. Rd7 a5 33. Ra7 Rb8 34. Bc2 g6 35. Rxa5 Rb4 36. Ra4 Rxa4 37. Bxa4 h5 38. Ng5 Kf8 39. h3 Nh6 40. Bc2 Kg7 41. Ke3 Ng8 42. Kd4 Ne7 43. Be4 Kf8 44. Kc5 Ke8 45. Nh7 Kd7 46. Nf6+ Kc7 47. Ne8+ Kd7 48. Nd6 Ng8 49. Nxf7 Ne7 50. Nh8 1-0

[Event "Vojvodina-ch 3rd"]
[Site "Novi Sad"]
[Date "2012.07.05"]
[Round "9"]
[White "Savic, Dragan"]
[Black "Klasan, Vladimir"]
[Result "0-1"]
[WhiteElo "2174"]
[BlackElo "2355"]
[PlyCount "78"]
[EventDate "2012.06.29"]
[EventType "swiss"]
[EventRounds "9"]
[EventCountry "SRB"]
[SourceTitle "CBM 149 Extra"]
[Source "ChessBase"]
[SourceDate "2012.08.24"]
[SourceVersion "1"]
[SourceVersionDate "2012.08.24"]
[SourceQuality "1"]

1. e4 c5 2. Nf3 d6 3. Bb5+ Nd7 4. c3 Ngf6 5. Qe2 a6 6. Ba4 Qc7 7. 0-0 c4 8. Re1 e5 9. Bc2 Be7 10. a4 Nb6 11. a5 Nbd7 12. Na3 b5 13. axb6 Nxb6 14. d3 cxd3 15. Bxd3 0-0 16. Nc2 a5 17. Ne3 Be6 18. Ng5 Bd7 19. Bb5 h6 20. Bxd7 Qxd7 21. Nh3 Nxe4 22. Ng4 f5 23. Ne3 Nc5 24. Qh5 f4 25. Ng4 Kh7 26. Nxe5 dxe5 27. Rxe5 Nb3 28. Rb1 Qd3 29. Rxe7 Qxb1 30. Ng5+ Kg8 31. h4 hxg5 32. hxg5 Qh7 33. Qg4 Qf5 34. Qd1 Nxc1 35. Qxc1 f3 36. Qe1 Qxg5 37. g3 Qh5 38. Rxg7+ Kxg7 39. Qe7+ Kg8 0-1

[Event "Belgrade Trophy 25th"]
[Site "Obrenovac"]
[Date "2011.12.02"]
[Round "9"]
[White "Savic, Dragan"]
[Black "Nenezic, Marko"]
[Result "0-1"]
[WhiteElo "2140"]
[BlackElo "2329"]
[PlyCount "60"]
[EventDate "2011.11.24"]
[EventType "swiss"]
[EventRounds "9"]
[EventCountry "YUG"]
[SourceTitle "CBM 145 Extra"]
[Source "ChessBase"]
[SourceDate "2012.01.03"]
[SourceVersion "1"]
[SourceVersionDate "2012.01.03"]
[SourceQuality "1"]

1. b4 Nf6 2. Bb2 e6 3. b5 d5 4. e3 Be7 5. Nf3 c5 6. c4 0-0 7. a4 a5 8. bxa6 Nxa6 9. Be2 b6 10. Na3 Bb7 11. 0-0 Nb4 12. Qb3 Nd7 13. Nc2 Nc6 14. Bc3 Na5 15. Qb2 Bf6 16. Bxf6 Qxf6 17. Qxf6 Nxf6 18. Ne5 Nb3 19. Ra3 Nxd2 20. Rd1 Nxc4 21. Bxc4 dxc4 22. Nxc4 Ra6 23. Rd6 Bd5 24. Nb2 Rfa8 25. Rd3 Kf8 26. Na3 Ke7 27. Nac4 Rxa4 28. R3xd5 Ra1+ 29. Nd1 exd5 30. Nxb6 Rb8 0-1

[Event "Belgrade Trophy 25th"]
[Site "Obrenovac"]
[Date "2011.11.28"]
[Round "5"]
[White "Savic, Dragan"]
[Black "Stanimirovic, Milos"]
[Result "0-1"]
[WhiteElo "2140"]
[BlackElo "1952"]
[PlyCount "82"]
[EventDate "2011.11.24"]
[EventType "swiss"]
[EventRounds "9"]
[EventCountry "YUG"]
[SourceTitle "CBM 145 Extra"]
[Source "ChessBase"]
[SourceDate "2012.01.03"]
[SourceVersion "1"]
[SourceVersionDate "2012.01.03"]
[SourceQuality "1"]

1. e4 c6 2. d4 d6 3. h3 g6 4. Nf3 Bg7 5. c3 b5 6. a4 Qa5 7. Na3 a6 8. axb5 cxb5 9. Nxb5 Qxa1 10. Nc7+ Kf8 11. Nxa8 Bb7 12. Nb6 Bxe4 13. Nd2 Bc6 14. Nb3 Qa2 15. Bc4 Bb5 16. Qf3 Bxc4 17. Qb7 Bh6 18. Qxb8+ Kg7 19. Nxc4 Bxc1 20. Nba5 Nf6 21. Qb7 d5 22. Qb3 Qxb3 23. Nxb3 dxc4 24. Nxc1 Rb8 25. 0-0 Rxb2 26. Re1 Rc2 27. Ne2 Nd5 28. Kf1 Ra2 29. g3 e6 30. Rc1 Ra3 31. Ke1 a5 32. Kd2 a4 33. Rc2 Rb3 34. Nc1 a3 35. Na2 Kf6 36. Ke2 g5 37. Kd2 h5 38. Nc1 Kf5 39. Ne2 Ke4 40. Ng1 Nxc3 41. f3+ Kd5 0-1

[Event "Belgrade Trophy 25th"]
[Site "Obrenovac"]
[Date "2011.11.27"]
[Round "4"]
[White "Miron, Lucian Costin"]
[Black "Savic, Dragan"]
[Result "1-0"]
[WhiteElo "2513"]
[BlackElo "2140"]
[PlyCount "67"]
[EventDate "2011.11.24"]
[EventType "swiss"]
[EventRounds "9"]
[EventCountry "YUG"]
[SourceTitle "CBM 145 Extra"]
[Source "ChessBase"]
[SourceDate "2012.01.03"]
[SourceVersion "1"]
[SourceVersionDate "2012.01.03"]
[SourceQuality "1"]

1. d4 Nf6 2. c4 e6 3. Nc3 d5 4. cxd5 exd5 5. Bg5 Nbd7 6. e3 c6 7. Bd3 Bd6 8. Qc2 h6 9. Bh4 0-0 10. Nge2 b6 11. e4 dxe4 12. Nxe4 Bb4+ 13. N2c3 Bb7 14. 0-0 g5 15. Bg3 Bxc3 16. Nxc3 Re8 17. h3 Nf8 18. Rad1 Nd5 19. Nxd5 cxd5 20. f4 Re6 21. fxg5 hxg5 22. Qf2 Qe7 23. Be5 Nd7 24. Qf5 f6 25. Bg3 Re8 26. Rc1 Bc6 27. Qg6+ Kf8 28. Qxg5 Rc8 29. Qf5 Bb7 30. Rce1 Re8 31. Rxe6 Qxe6 32. Qxe6 Rxe6 33. Bf5 Re3 34. Kf2 1-0